000 00550nam a2200181 i 4500
001 86125
003 ES-MaACL
005 20230906175359.0
007 t|
008 041207s1960 mx ||||1| spa d
100 1 _aKaplan, Wilfred.
_967528
245 1 0 _aCálculo avanzado /
_cpor Wilfred Kaplan ; [traducido por Lionel Dignowity].
250 _a[1ª ed.].
260 _aMéxico :
_bCompañía Editorial Continental,
_c[1960]
300 _a862 p. :
_bil. ;
_c23 cm.
700 1 _aDignowity, Lionel.
_944800
852 _aES-MaACL
_jC-20496
_bR.48878
999 _c86125
_d86125